Movie Archers Quiz Stats

 Plays Quiz Updated Nov 22, 2013

Support Sporcle.
Go Orange.
Score 0/18 Timer 06:00
1 Play Today
% Correct
Katniss Everdeen (The Hunger Games)
95.9%
Legolas (Lord of the Rings)
93.3%
Neytiri (Avatar)
92.5%
Robin Hood (The Adventures of Robin Hood)
89.9%
Mulan (Mulan)
88.6%
Merida (Brave)
87.9%
John Rambo (Rambo: First Blood Part II)
83.2%
Hawkeye (The Avengers)
77.2%
Mathayus (The Scorpion King)
59.8%
% Correct
Susan Pevensie (The Chronicles of Narnia)
59.4%
Van Helsing (Van Helsing)
50.3%
Hanna (Hanna)
39.1%
Topper Harley (Hot Shots Part Deux)
31.9%
Guinevere (King Arthur)
30.6%
Frank Castle (The Punisher)
21.9%
Lewis (Deliverance)
21.2%
Isabel (Your Highness)
19.1%
Ashitaka (Princess Mononoke)
12.4%

From the Vault

Secret Country XXXIV

by goc3

Geography 60s
It turns out there are a lot of secret countries out there.
Remove Ads.
Support Sporcle.
Get the best of Sporcle when you Go Orange. This ad-free experience offers more features, more stats, and more fun while also helping to support Sporcle. Thank you for becoming a member.

Show Comments

Extras

Top Quizzes Today


Score Distribution

Your Account Isn't Verified!

In order to create a playlist on Sporcle, you need to verify the email address you used during registration. Go to your Sporcle Settings to finish the process.

Report this User

Report this user for behavior that violates our Community Guidelines.

Details: